| 000 | 00626nam a2200169 i 4500 | ||
|---|---|---|---|
| 001 | 38045 | ||
| 003 | ES-MaACL | ||
| 005 | 20230906155703.0 | ||
| 007 | t| | ||
| 008 | 030224s1944 sp ||||1| spa d | ||
| 100 | 1 |
_aCabañas Guevara, Luis. _933157 |
|
| 245 | 1 | 0 |
_aCuarenta años de Barcelona, 1890-1930 _b: recuerdos de la vida literaria, artística, teatral, mundana y pintoresca de la ciudad / _cLuis Cabañas Guevara. |
| 260 |
_aBarcelona : _bEdiciones Menphis, _c1944 ( _fAgustín Núñez) |
||
| 300 |
_a280 p., 16 lám. ; _c20 cm. |
||
| 740 | 0 | _a40 años de Barcelona, 1890-1930. | |
| 852 |
_aES-MaACL _jF-16350 _bR.21248 |
||
| 999 |
_c38045 _d38045 |
||